| 000 | 00396nam a2200169Ia 4500 | ||
|---|---|---|---|
| 008 | 240830s1993 xx 000 0 und d | ||
| 041 | _aeng | ||
| 082 | _a617 | ||
| 100 | _aS.DAS | ||
| 245 | _aTEXT BOOK ON SURGICAL SHORT CASES | ||
| 250 | _a1 ST | ||
| 260 |
_bS.DAS 13010 MAYOURS COURT,CALCUTTA 5 _c1993 |
||
| 300 | _a56p | ||
| 650 | _aSURGERY | ||
| 906 | _aN.D. | ||
| 999 |
_c1194262 _d1194262 |
||